000 00649nam a2200217 a 4500
001 BRCA_6046
005 20190320205318.0
008 220611s1890----fr-a######---#000-0#fre-#
041 _afre
044 _afr
050 4 _aPQ2216
_b.P7 1
_c1890
100 1 _aDaudet, Alphonse
_d1840-1897
_915254
245 1 0 _aPort-Tarascon
_bdernières aventures de l´illustre Tartarin
_cillustrations de Bieler, Montégut, Montenard, Myrbach et Ross
260 _aParís
_bE. Flammarion
_c[1890]
300 _a348 p.
_bil.
_c19 cm.
500 _aEjemplar igual a O39
500 _aI14
650 1 4 _aLiteratura Francesa.
_915255
902 _aGFM
942 _2lcc
_cB
999 _c5733
_d5733